|
|
|
|
| LEADER |
00000nam0a2200000 4500 |
| 001 |
87964 |
| 005 |
20231031102451.0 |
| 010 |
|
|
|a 5769207337
|
| 035 |
|
|
|a (RuTPU)RU\TPU\book\94443
|
| 090 |
|
|
|a 87964
|
| 100 |
|
|
|a 20051219d2004 km y0rusy50 ca
|
| 101 |
0 |
|
|a rus
|
| 102 |
|
|
|a RU
|
| 105 |
|
|
|a a z 000zy
|
| 200 |
1 |
|
|a Проблемы устойчивого развития крупного сырьевого моноотраслевого региона на Крайнем Севере
|f О. М. Ермилов, В. В. Елгин
|g Институт экономики и организации промышленного производства СО РАН; под ред. В. И. Суслова
|
| 210 |
|
|
|a Новосибирск
|c Изд-во СО РАН
|d 2004
|
| 215 |
|
|
|a 206 с.
|c ил.
|
| 330 |
|
|
|a На основе анализа состояния экономики нефтегазовых регионов Севера, обобщения практики освоения природных ресурсов северных территорий определены основные тенденции их социально-экономического развития в современных условиях. Проанализированы социально-экономические проблемы функционирования нефтегазового комплекса в экстремальных условиях освоения месторождений, оценены возможности их решения. Исследованы формы и методы использования трудовых ресурсов нефтегазового комплекса. Показано, что в сырьевых моноотраслевых регионах при исчерпании запасов полезных ископаемых можно преодолеть негативные социально-экономические последствия, выражающиеся в депопуляция территории и деградации инфраструктуры, сохранить устойчивое развитие экономики региона, если естественным закономерностям добывающих отраслей будет противопоставлен комплекс научно-технических и организационно-экономических решений. Даны предложения по совершенствованию вахтового метода и использованию его различных форм в зависимости от характера производства и особенностей осваиваемой территории. Оценены возможность и эффективность вовлечения малочисленных народов Севера в производственную деятельность промышленных предприятий.Рецензенты:
|
| 610 |
1 |
|
|a экономика
|
| 610 |
1 |
|
|a экономическое развитие
|
| 610 |
1 |
|
|a Север
|
| 610 |
1 |
|
|a Крайний Север
|
| 610 |
1 |
|
|a региональная экономика
|
| 610 |
1 |
|
|a топливно-энергетический комплекс
|
| 610 |
1 |
|
|a нефтегазовая промышленность
|
| 610 |
1 |
|
|a нефтегазовый комплекс
|
| 610 |
1 |
|
|a углеродное сырье
|
| 610 |
1 |
|
|a месторождения
|
| 610 |
1 |
|
|a освоение
|
| 610 |
1 |
|
|a трудовые ресурсы
|
| 610 |
1 |
|
|a газовая промышленность
|
| 610 |
1 |
|
|a вахтовый метод
|
| 610 |
1 |
|
|a занятость
|
| 686 |
|
|
|a У9(2Р31)
|2 rubbk
|
| 686 |
|
|
|a У9(2)0-554
|2 rubbk
|
| 700 |
|
1 |
|a Ермилов
|b О. М.
|g Олег Михайлович
|
| 701 |
|
1 |
|a Елгин
|b В. В.
|g Владимир Васильевич
|
| 702 |
|
1 |
|a Суслов
|b В. И.
|4 340
|
| 712 |
0 |
2 |
|a Российская академия наук (РАН)
|b Сибирское отделение (СО)
|b Институт экономики и организации промышленного производства (ИЭОПП)
|c (Новосибирск)
|2 stltpush
|3 (RuTPU)RU\TPU\col\1303
|
| 801 |
|
1 |
|a RU
|b 63413507
|c 20051219
|g PSBO
|
| 801 |
|
2 |
|a RU
|b 63413507
|c 20081021
|g PSBO
|
| 942 |
|
|
|c BK
|
| 959 |
|
|
|a 113/20051219
|d 1
|e 435
|f НФ:1
|